| 000 | 00736nam a2200193 4500 | ||
|---|---|---|---|
| 008 | 170720b xxu||||| |||| 00| 0 eng d | ||
| 020 | _a0-205-15771-8 (alk. paper) | ||
| 082 |
_21995 _aDC 371.90973 _bSm6 |
||
| 100 |
_921359 _aSmith, Deborah Deutsch |
||
| 245 |
_aIntroduction to special education : _bteaching in an age of challenge / _cDeborah Deutsch Smith, Ruth Luckasson |
||
| 250 | _aSecond Edition | ||
| 260 |
_aBoston : _bAllyn and Bacon, _cc1995. |
||
| 300 |
_axvii, 629 pages : _billustrations (some col.) ; _c27 cm. |
||
| 500 | _aIncludes bibliographical references and indexes, | ||
| 650 | 0 |
_921360 _aSpecial education -- United States |
|
| 700 |
_921361 _aLuckasson, Ruth |
||
| 365 |
_b2,448.00 _cPhp |
||
| 942 |
_2ddc _cDC |
||
| 999 |
_c7062 _d7062 |
||